| 000 | 00441pab a2200157 454500 | ||
|---|---|---|---|
| 008 | 180718b2015 xxu||||| |||| 00| 0 eng d | ||
| 100 | _aHiroi, Taeko | ||
| 245 | _aPolicy change and coups: the role of income inequality and asset specificity | ||
| 260 | _c2015 | ||
| 300 | _ap.441-456. | ||
| 362 | _aSep | ||
| 650 | _aIncome distribution | ||
| 700 | _aOmori, Sawa | ||
| 773 | _aInternational Political Science Review | ||
| 909 | _a109557 | ||
| 999 |
_c109552 _d109552 |
||